[Event "Montreal Mercredi 05"]
[Site "Montreal"]
[Date "2019.05.22"]
[Round "3"]
[White "Audet, Eric"]
[Black "Gates, Claude Eric"]
[Result "1-0"]
[WhiteElo "1829"]
[BlackElo "1849"]
[PlyCount "93"]
[EventDate "2019.05.08"]
[EventType "swiss"]
[EventRounds "5"]
[EventCountry "CAN"]
[SourceTitle "EXT 2022"]
[Source "ChessBase"]
[SourceDate "2021.10.06"]
[SourceVersion "1"]
[SourceVersionDate "2021.10.06"]
[SourceQuality "1"]

1. e4 c5 2. Nf3 g6 3. d4 cxd4 4. Nxd4 Nc6 5. c4 Nf6 6. Nc3 Nxd4 7. Qxd4 d6 8. e5 dxe5 9. Qxe5 Bg7 10. Be2 0-0 11. 0-0 Be6 12. Rd1 Qc8 13. Qb5 Bd7 14. Qa5 Bc6 15. Nd5 Re8 16. Qa3 Nxd5 17. cxd5 Bd7 18. Bd3 Bg4 19. Re1 Qd7 20. Qb3 Rad8 21. Bb5 Qc7 22. Bxe8 Rxe8 23. Be3 b6 24. Bd2 Bc8 25. Rac1 Qd8 26. Bg5 Bb7 27. Rcd1 Qd6 28. Qa3 Qxa3 29. bxa3 Kf8 30. d6 f6 31. dxe7+ Rxe7 32. Rxe7 Kxe7 33. Be3 Bc8 34. a4 Be6 35. Rd2 f5 36. Bd4 Bh6 37. Rc2 Bf4 38. a5 bxa5 39. Bxa7 a4 40. Bc5+ Kd7 41. Bb4 Bd5 42. a3 Ke6 43. Re2+ Kf6 44. Re7 h6 45. g3 Bd2 46. Ra7 Bxb4 47. axb4 1-0

[Event "IECG TG-2003-0-14978"]
[Site "IECG email"]
[Date "2003.09.12"]
[Round "1"]
[White "Rattay, Walter"]
[Black "Audet, Eric"]
[Result "1-0"]
[WhiteElo "1472"]
[BlackElo "1400"]
[PlyCount "29"]
[EventDate "2003.09.10"]
[EventType "tourn (corr)"]
[EventRounds "6"]
[SourceTitle "Corr 2024"]
[Source "ChessBase"]
[SourceDate "2023.10.19"]
[SourceVersion "1"]
[SourceVersionDate "2023.10.19"]
[SourceQuality "1"]

1. d4 Nf6 2. c4 d5 3. cxd5 Qxd5 4. Nc3 Qd8 5. Nf3 Nc6 6. d5 Nb8 7. e4 e5 8. Nxe5 Bd6 9. Bb5+ Bd7 10. Nxd7 Nbxd7 11. Bg5 0-0 12. Bxd7 Qxd7 13. Bxf6 gxf6 14. Qh5 Kh8 15. Qh4 1-0